| 000 | 00742nam a22002417a 4500 | ||
|---|---|---|---|
| 999 |
_c2357 _d2357 |
||
| 003 | AR-CdUCM | ||
| 008 | 190304b ||||| |||| 00| 0 spa d | ||
| 040 |
_aMUNICIPALIDAD PROVINCIAL DEL CUSCO _cBIBLIOTECA MUNICIPAL DEL CUSCO |
||
| 041 | _hrus | ||
| 082 |
_24ed. _a335.4 / _bL44 |
||
| 100 |
_aLenin, Vladimir Ilich _92193 |
||
| 245 |
_aLa Emancipación de la Mujer : _bRecopilación de Articulos / |
||
| 260 |
_aMoscu : _bProgreso, _c1970. |
||
| 300 |
_a141 paginas ; _bretratos, _c20cm. |
||
| 500 | _aBiblioteca del socialismo científico | ||
| 650 |
_aMujeres _93760 |
||
| 650 |
_aEnsayos conferencias _91255 |
||
| 650 |
_aDerechos _96548 |
||
| 650 |
_aRusia _9499 |
||
| 650 |
_aLiteratura _983 |
||
| 942 |
_2ddc _cLIBROS |
||
| 945 | _apjha | ||